Hướng dẫn 7 bước thiết kế trang web

Na minha lista:
Detalhes bibliográficos
Autor principal: Trần, văn Thắng
Formato: Livro
Idioma:Undetermined
Publicado em: Thành phố Hồ Chí Minh Tổng hợp Thành phố Hồ Chí Minh 2005
Assuntos:
Tags: Adicionar Tag
Sem tags, seja o primeiro a adicionar uma tag!
Thư viện lưu trữ: Trung tâm Học liệu Trường Đại học Cần Thơ
LEADER 00672nam a2200193Ia 4500
001 CTU_95368
008 210402s9999 xx 000 0 und d
020 |c 67000 
082 |a 005.7592 
082 |b Th116 
100 |a Trần, văn Thắng 
245 0 |a Hướng dẫn 7 bước thiết kế trang web 
245 0 |c Trần văn Thắng 
260 |a Thành phố Hồ Chí Minh 
260 |b Tổng hợp Thành phố Hồ Chí Minh 
260 |c 2005 
650 |a Client/Server computing,Web publishing,World wide web (Information retrieval system) 
904 |i Truc 
980 |a Trung tâm Học liệu Trường Đại học Cần Thơ